000 00428nam a2200181Ia 4500
001 22248
005 20260414150818.0
008 260414t2015||||xx |||||||||||||| ||spa||
041 _aESP
082 _a621.3
_bD92 2015
100 _aSvoboda, James A.
_eAUT
245 0 _aCircuitos eléctricos
_b
260 _c2015
300 _axix, 899 páginas :
_c25 cm.
650 _aTCA
654 _aCET
942 _cLIB
_dJUS
_fJUS
_2ddc
_n
999 _c22248
_d22248